[Event "EU-ch 2nd"]
[Site "Ohrid"]
[Date "2001.06.14"]
[Round "13"]
[White "Greenfeld, Alon"]
[Black "Gurevich, Mikhail"]
[Result "0-1"]
[WhiteElo "2570"]
[BlackElo "2688"]
[Annotator "Dautov,R"]
[PlyCount "96"]
[EventDate "2001.06.01"]
[EventType "swiss"]
[EventRounds "13"]
[EventCountry "YUG"]
[SourceTitle "CBM 084"]
[Source "ChessBase"]
[SourceDate "2001.09.13"]
[SourceVersion "1"]
[SourceVersionDate "2001.09.13"]
[SourceQuality "1"]

1. d4 Nf6 2. c4 e6 3. Nf3 d5 4. Nc3 Be7 5. Bg5 h6 6. Bh4 O-O 7. e3 b6 8. Be2
Bb7 9. Bxf6 Bxf6 10. cxd5 exd5 11. b4 c6 12. O-O a5 13. bxa5 Rxa5 14. a4 Bc8 $1
{Dieses Manöver ist gut bekannt: zuerst wird der Läufer auf einen aktiven
Posten e6 überführt, und erst dann folgt Nb8-d7.} 15. Qc2 (15. Qb3) 15... Be6
16. Rfd1 Nd7 (16... c5 17. Bb5 Na6 18. Rac1 Qa8 19. e4 Nb4 20. Qb1 Rc8 21. dxc5
bxc5 22. exd5 Nxd5 23. Ne4 Be7 $15 {Tukmakov,V-Shabalov,A/Koszalin 1999}) 17.
h3 Be7 (17... Qa8 18. Rac1 Rc8 19. Qb1 Qb8 20. Bd3 Qd6 21. e4 dxe4 22. Bxe4 Qf8
23. Bh7+ Kh8 24. Be4 {1/2-1/2 Notkin,M-Gorelov,S/Moscow 1997}) 18. Bd3 Re8 $11
{Schwarz hat keinerlei Probleme.} 19. Ne2 Qa8 20. Rdc1 c5 ({In Frage kam das
aktive} 20... b5 $5 {, wonach der entstehende Freibauer auf der a-Linie sehr
stark werden könnte:} 21. Qxc6 (21. Nf4 Rxa4 22. Rxa4 bxa4 $15) (21. Bh7+ Kh8
22. Bf5 Bf6 $15) 21... Qxc6 22. Rxc6 bxa4 $15) 21. Bb5 Rc8 22. Nf4 Nf8 23. Ne5
Rc7 $1 {Legt das Feld c8 für die schwarze Dame frei.} 24. Nxe6 fxe6 25. Ng6 $1
{Weiß hofft, nach dem Springertausch den gegnerischen König angreifen zu
können.} Bf6 26. Rab1 Raa7 27. Nxf8 Kxf8 28. Qg6 (28. Qh7 Kf7 $11) 28... cxd4
$5 {Die entstehende Schwäche auf d4 verlockt Schwarz zu der Öffnung der Linien.
Vorsichtiger war 28...Qc8=.} 29. exd4 Qc8 30. Re1 Rc3 31. Re3 ({
Aussichtsreicher wäre es, bei der halboffenen e-Linie (die Schwäche e6!)
weiterzuspielen:} 31. Rbd1 $5 Rac7 32. Kh2 {[%csl Re6][%cal Re1e2,Rd1e1] /\Re2,
Rde1} (32. Re2 Rc1 $11)) 31... Rxe3 32. fxe3 Rc7 33. Kh2 Rc3 34. Rf1 Ke7 {
Der schwarze König fühlt sich wohl im Zentrum, der Bf6 bietet ihm ausreichend
Schutz.} 35. Rf3 $2 (35. Rxf6 gxf6 36. Qg7+ Kd6 37. Qxf6 h5 {führt zum Remis,
Weiß will mehr und schwächt seinen König.}) (35. e4 $11) 35... Qb8+ 36. g3 Qc8
37. h4 Rc2+ 38. Kh3 e5+ 39. g4 e4 $5 (39... exd4 40. exd4 Rc3 41. Rxc3 Qxc3+
42. Qd3 $11) 40. Rxf6 $2 $138 (40. Rf5 $1 Qb8 (40... Qc7 $4 41. Qe8+ Kd6 42.
Re5 $18) 41. Rf4 Qc8 $11) 40... gxf6 41. Qh7+ Kd6 42. Qxh6 Rf2 43. h5 Qg8 $19
44. Kg3 Rf3+ 45. Kh4 Ke7 46. Be2 Rf2 47. Bb5 Ke6 48. Qg6 Rh2+ 0-1

[Event "Bundesliga 0203"]
[Site "Germany"]
[Date "2002.12.15"]
[Round "6.2"]
[White "Sokolov, Ivan"]
[Black "Votava, Jan"]
[Result "1/2-1/2"]
[WhiteElo "2684"]
[BlackElo "2518"]
[Annotator "Dautov,R"]
[PlyCount "86"]
[EventDate "2002.10.19"]
[EventType "team-tourn"]
[EventRounds "15"]
[EventCountry "GER"]
[SourceTitle "CBM 093"]
[Source "ChessBase"]
[SourceDate "2003.04.01"]
[SourceVersion "1"]
[SourceVersionDate "2003.04.01"]
[SourceQuality "1"]
[WhiteTeam "Porz"]
[BlackTeam "Erfurt"]
[WhiteTeamCountry "GER"]
[BlackTeamCountry "GER"]

1. d4 Nf6 2. c4 e6 3. Nc3 d5 4. cxd5 exd5 5. Bg5 Be7 6. e3 h6 7. Bh4 O-O 8. Bd3
b6 9. Nf3 Bb7 10. Qc2 (10. Ne5 Nbd7 11. f4 Ne4 12. Bxe7 Qxe7 $11) 10... c5 11.
O-O Na6 $5 $146 {An dieser Stelle neu. Gut bekannt sind die Stellungen nach 11.
..Nbd7.} (11... Nc6 12. a3 cxd4 (12... Re8 13. dxc5 bxc5 14. Rad1 $14) 13. exd4
$14) (11... Nbd7 12. Rad1 $14) 12. a3 Nc7 13. Rad1 c4 (13... Ne6 14. Bf5 $14)
14. Bf5 Nce8 $1 {Originell und stark gespielt. Der mobile schwarze Springer
landet schließlich auf d6 und nimmt das wichtige Feld e4 unter Kontrolle.} (
14... Ne6 15. Ne5 $14 {/\f4}) 15. Ne5 Nd6 16. Bxf6 $1 {Um die Idee Nfe4 zu
entschärfen tauscht Weiß seinen Läufer.} ({Nichts versprach ihm} 16. Bh3 Nfe4
17. Bxe7 Qxe7 18. Nxe4 Nxe4 $11) 16... Bxf6 17. Bg4 Qe7 18. f4 Rfd8 19. Rf3 $2
{Der Turm wird auf eine aktive Position überführt. Bald werden wir sehen, daß
diese Position nicht nur ür Schwarz gefährlich werden kann.} ({Natürlicher sah
19.Bf3 aus:} 19. Bf3 Qe6 20. g4 a6 {/\Nb5} (20... Bxe5 $2 21. fxe5 Ne4 22. Bxe4
dxe4 23. Rf4 $16) 21. Qg2 (21. f5 Qe8 22. Nxd5 Bxd5 23. Bxd5 Rac8 $13) 21...
Nb5 22. f5 Qe8 23. Nxd5 Bxe5 24. dxe5 Qxe5 25. f6 $14) 19... b5 20. Rg3 a5 21.
Bf3 Qe6 22. Rf1 b4 23. Na4 Qf5 24. Qd1 Ne4 $1 {[%mdl 32] Es sieht wie ein
glatter Bauerneinsteller aus, ist aber in Wirklichkeit mit einer tiefen Idee
verbunden.} (24... Rab8 25. axb4 axb4 26. Nc5 $13) 25. Bxe4 dxe4 (25... Qxe4 $4
26. Nc5 $18) 26. Nb6 Ra6 27. Nbxc4 Bd5 $44 {Erst jetzt wird Votavas Idee
verständl ich- der weiße Turm g3 ist ausgesperrt! Ohne f4-f5 kann er seinen
Käfig nicht verlassen, dieser Zug wird aber die Position der weißen Springer
erheblich schwächen.} 28. Qa4 Qc8 (28... Bxc4 29. Nxc4 Qd5 30. Ne5 bxa3 31.
bxa3 Rc8 $44) 29. Qb5 Be6 {/\Bh4} 30. f5 {Nun beginnt eine taktische
Auseinandersetzung.} Rd5 $1 31. Qa4 Bxf5 32. Rxf5 Bxe5 $1 (32... Qxf5 $2 33.
Qe8+ Kh7 34. Nxf7 (34. Qxf7 $5) 34... g6 35. Nxh6 Kxh6 36. Rh3+ $40) 33. Nxe5
Rxe5 $1 34. Rf1 Re7 35. axb4 axb4 36. Qxb4 Rea7 {Ein unangenehmer Zug, es
droht Ra1 mit Angriff auf der 1.Reihe. Der weiße Rg3 ist immer noch außer
Spiel.} 37. Qd2 (37. h3 $2 Ra1 38. Rxa1 $2 Rxa1+ 39. Kh2 Qc1 $19) 37... Ra2 $2
(37... Ra1 $1 $40) 38. d5 Qc4 {Die folgenden Fehler sind nur mit hochgradiger
Zeitnot zu erklären.} 39. Rc1 $2 (39. Rg4 $1 $14) 39... Qd3 $2 (39... Ra1 $1
40. Re1 $8 R7a2 41. h3 (41. Qf2 $2 Qb4 42. Rf1 Rxf1+ 43. Qxf1 Rxb2 $19) 41...
Qd3 42. Qf2 Rxe1+ 43. Qxe1 Rxb2 $17) 40. Qc3 $11 Qxc3 41. bxc3 Rd2 42. c4 Rc7
43. Rg4 f5 (43... f5 44. Rf4 Rxd5 45. cxd5 Rxc1+ 46. Kf2 Rc2+ 47. Kg1 $11)
1/2-1/2

[Event "FIDE World Cup-D"]
[Site "Hyderabad"]
[Date "2002.10.13"]
[Round "4"]
[White "Beliavsky, Alexander G"]
[Black "Short, Nigel D"]
[Result "1/2-1/2"]
[WhiteElo "2650"]
[BlackElo "2684"]
[Annotator "Dautov,R"]
[PlyCount "62"]
[EventDate "2002.10.05"]
[EventType "tourn"]
[EventRounds "5"]
[EventCountry "IND"]
[EventCategory "15"]
[SourceTitle "CBM 092"]
[Source "ChessBase"]
[SourceDate "2003.02.06"]
[SourceVersion "1"]
[SourceVersionDate "2003.02.06"]
[SourceQuality "1"]

{[%mdl 32768]} 1. d4 Nf6 2. c4 e6 3. Nf3 d5 4. Nc3 Be7 5. Bg5 h6 6. Bh4 O-O 7.
e3 b6 8. Bd3 Bb7 9. Bxf6 Bxf6 10. cxd5 exd5 11. O-O Qe7 (11... Nd7 12. Rc1 Re8
$2 13. Nb5 c5 14. Nd6 $18 {Beliavsky,A-Kasimdzhanov,R/Hyderabad 2002}) ({
Logisch und stark ist} 11... c5 12. Rc1 {führt mit Zugumstellung zu einer
bekannten Theorievariante 11.Rc1 c5 12.0-0.} (12. dxc5 bxc5 13. Qb3 Bc6 14. Bb5
d4 15. Na4 (15. Bxc6 Nxc6 16. Ne4 $13) 15... Bxf3 16. gxf3 Nd7 17. Bxd7 Qxd7
18. Nxc5 Qh3 19. e4 Rab8 20. Qd3 Rfc8 $17 {Hegeler,F-Stern,R/Germany 1999})
12... Na6 (12... cxd4 13. exd4) (12... Qe7 $5)) 12. Rc1 Rd8 13. b4 $2 {Dieser
Versuch, das natürliche c7-c5 zu verhindern, wird höchstwahrscheinlich keine
Nachahmung finden.} (13. Bb1 Nd7 (13... c5 $5) 14. Re1 c5 15. e4 cxd4 $2 (15...
dxe4 $142) 16. Nxd5 Bxd5 17. exd5 Qb4 18. a3 $1 Qa5 19. Nxd4 Bxd4 20. Qxd4 Nf6
21. Ba2 $16 {Antonsen,M-Pedersen,D/Ringsted 1992}) 13... Qxb4 14. Nb5 Nc6 15.
Nxc7 Rac8 16. Na6 Qa5 17. Qe2 Be7 $1 $15 {Der weiße Springer a6 hat sich
eindeutig verlaufen, und Short schneidet ihm den Fluchtweg ab.} 18. Rc2 Bd6 19.
Rfc1 Qa3 20. g3 $2 {Dies sollte zum sofortigen Verlust führen.} ({Das Endspiel
nach} 20. Qf1 $1 Na5 21. Nc7 Rxc7 22. Rxc7 Bxc7 23. Rxc7 Rc8 24. Rxc8+ Bxc8 25.
Qe2 Be6 $15 {ist vorteilhaft für Schwarz.}) 20... Na5 21. Nc7 Bxc7 22. Rxc7
Qxc1+ $2 {Das Schnellschach fordert sein Tribut! Ein Figurenzug auf c6 gewann
die Qualität und die Partie.} (22... Bc6 $19) (22... Nc6 $19) 23. Rxc1 Rxc1+
24. Kg2 Nc4 25. Nh4 {Die Stellung läßt sich schwer einschätzen und spielen,
deswegen ist der baldige Remisschluß verständlich.} Nd6 26. Qh5 Bc8 27. Qe5 Rc3
28. Bb1 Rc1 29. Bd3 b5 30. Qe7 Rd7 31. Qe5 {/\Nf5} Rd8 1/2-1/2

[Event "EU-ch 2nd"]
[Site "Ohrid"]
[Date "2001.06.10"]
[Round "9"]
[White "Piket, Jeroen"]
[Black "Yegiazarian, Arsen"]
[Result "1/2-1/2"]
[WhiteElo "2628"]
[BlackElo "2529"]
[Annotator "Dautov,R"]
[PlyCount "84"]
[EventDate "2001.06.01"]
[EventType "swiss"]
[EventRounds "13"]
[EventCountry "YUG"]
[SourceTitle "CBM 084"]
[Source "ChessBase"]
[SourceDate "2001.09.13"]
[SourceVersion "1"]
[SourceVersionDate "2001.09.13"]
[SourceQuality "1"]

1. d4 Nf6 2. c4 e6 3. Nf3 d5 4. Nc3 Be7 5. Bg5 h6 6. Bh4 O-O 7. e3 b6 8. Be2
Bb7 9. Bxf6 Bxf6 10. cxd5 exd5 11. O-O c5 $1 {Diese aktive Möglichkeit wird
von Schwarz häufig der Hauptfortsetzung 11...Nd7 vorgezogen.} (11... Nd7 12. b4
(12. Qb3)) 12. dxc5 bxc5 ({Im Falle von} 12... Bxc3 $6 13. bxc3 bxc5 {bekommt
Weiß Druck auf der b-Linie, z.B,} 14. Rb1 Qc7 15. Qb3 Bc6 16. Qa3 Nd7 17. Nd2 (
17. Rb3 Rab8 18. Rfb1 $14) 17... Rab8 18. h3 Rb6 19. Rb3 Re8 20. Bg4 $14 {
Vaganian,R-Aseev,K/Odessa 1989/URS-ch}) 13. Qb3 Bc6 14. Rfd1 Nd7 $1 {Erneut
aktiv gespielt, Schwarz plant 14...Rb8.} (14... c4 $6 15. Qc2 Qa5 16. Nd4 Rd8
17. Bf3 Bb7 18. Nde2 $14) (14... Bxc3 15. Qxc3 (15. bxc3 Nd7 $11) 15... Nd7 16.
b4 $5 c4 17. b5 Bb7 18. Qb4 Qc7 19. Nd4 g6 20. a4 a5 $11 {Akesson-Renman/
SWE-ch 1989}) 15. Bb5 {Weiß versucht, den Druck gegen den Bauer d5 zu
verstärken. Er ist bereit, seine Dame gegen Turm, Läufer und Bauer zu tauschen.
} (15. Rab1 $6 Nb6 16. Qa3 Qe7 17. Qa5 Rfd8 18. Bb5 Bb7 $11 {Hulak,K-Galic,K/
Pula 1993}) (15. Nxd5 Rb8 16. Qc4 Rxb2 $11) 15... Rb8 16. Bxc6 Rxb3 17. axb3
Bxc3 ({Noch stärker war} 17... d4 $1 18. exd4 cxd4 19. Nxd4 (19. Ne4 Ne5) 19...
Nb8 20. Nf5 $11 (20. Ne6 $2 {ist schlecht wegen} Qc8 21. Nxf8 Qxc6 $17)) 18.
bxc3 Nf6 19. c4 (19. e4 $6 Qb6 (19... Nxe4 $2 20. Bxd5 Nd6 21. Ra6 $14) 20.
exd5 Qxb3) 19... d4 {Auf Nummer sicher gespielt.} ({Zu unklaren Konsequenzen
führte} 19... Qb6 $5 20. cxd5 Qxb3 21. Nd2 $5 (21. Rdb1 Qd3 22. Rd1 $11) 21...
Qb2 22. Rab1 Qe5 23. Nc4 Qe4 24. Rbc1 $13 {/\f3,e4}) 20. exd4 cxd4 21. Rxd4 Qb6
$11 {Die Chancen sind gleich.} 22. Bb5 Qc5 23. h3 Rc8 24. b4 $5 {Die weißen
Bauern waren blockiert, und dies ist die einzige Möglichkeit, auf Gewinn zu
spielen.} Qxb4 25. Rxa7 Qb1+ 26. Kh2 Qf1 27. Ra2 g5 28. Ne5 Rc7 {Weiß hat
nichts erreicht, die Fortbewegung des Freibauern ist nach wie vor unmöglich.}
29. Bc6 Kg7 30. Bf3 (30. c5 $4 Qe1 31. Nf3 Qe6 $19) 30... Qe1 31. Re2 Qa1 32.
Red2 h5 (32... Re7 33. Ng4 $11) 33. Bd5 Re7 34. f4 g4 (34... gxf4 35. Nf3 $11 {
/\Rf4}) 35. g3 gxh3 36. Bf3 (36. Kxh3 $11) 36... Ra7 37. Kxh3 Ra3 38. Kg2 Rc3
39. R4d3 Rc1 40. Rd1 Rc2+ 41. R1d2 Rc1 42. Rd1 Rc2+ 1/2-1/2

[Event "FIDE World Cup"]
[Site "Khanty-Mansiysk"]
[Date "2005.11.28"]
[Round "1.2"]
[White "Wang, Yue"]
[Black "Asrian, Karen"]
[Result "1-0"]
[WhiteElo "2585"]
[BlackElo "2645"]
[Annotator "Dautov,R"]
[PlyCount "127"]
[EventDate "2005.11.27"]
[EventType "k.o."]
[EventRounds "7"]
[EventCountry "RUS"]
[SourceTitle "CBM 111"]
[Source "ChessBase"]
[SourceDate "2006.04.04"]
[SourceVersion "1"]
[SourceVersionDate "2006.04.04"]
[SourceQuality "1"]

1. d4 e6 2. c4 Nf6 3. Nf3 d5 4. Bg5 Be7 5. Nc3 h6 6. Bh4 O-O 7. e3 b6 8. Be2
Bb7 9. Bxf6 Bxf6 10. cxd5 exd5 11. O-O Nc6 $6 {Dieser Zug sieht sehr künstlich
aus und wurde nur selten gespielt. Vorzuziehen ist 11...Qe7.} (11... Qe7 12.
Qb3 Rd8 13. Rad1 c5 14. dxc5 Bxc3 15. Qxc3 bxc5 16. Qe5 Qxe5 17. Nxe5 Nd7 18.
Nxd7 Rxd7 19. Rc1 d4 20. Rxc5 dxe3 21. fxe3 Rd2 22. Rc7 Rxe2 23. Rxb7 f6 $11 {
Ivanchuk,V (2739)-Asrian,K (2611)/Warsaw 2005}) 12. Qc2 $146 (12. Rc1 Re8 (
12... a6 13. Ne1 Ne7 14. Nd3 Rb8 15. b4 Nf5 16. a4 Re8 17. b5 $1 a5 18. Bg4 Nd6
19. Qc2 Re7 20. Bf3 Ne4 21. Qa2 $16 {Vaganian,R (2585)-Lobron,E (2585)/Haifa
1989}) (12... Ne7 13. b4 c6 14. a4 $14) 13. Ne1 a5 $1 14. Nb5 $1 (14. a3 Ne7
15. Nd3 Nf5 16. Bf3 Nh4 17. Bg4 c5 18. g3 Ng6 19. dxc5 d4 20. exd4 Bxd4 $11 {
Timman,J (2635)-Short,N (2660)/Luzern 1989}) 14... Re7 15. a3 $14) 12... Ne7 {
Kein guter Platz für den Springer, und wenn er schon dorthin muß, dann
zumindest so spät wie möglich.} (12... g6 $5 {/\Bg7}) 13. Rad1 g6 (13... c5 $2
14. dxc5 bxc5 15. Ne4 $16) (13... c6 14. b4 Qd6 15. e4 $14) 14. b4 Bg7 {
Vorzuziehen war das unmittelbare 14...c6, ein paar Züge später wird Schwarz
seinen rückständigen Bauern c7 sehr bereuen.} (14... c6 15. b5 cxb5 16. Nxb5 a6
17. Nc3 b5 18. Qb3 $14) 15. b5 $1 {[%mdl 32] Eine typische Festlegung.} a6 16.
a4 axb5 (16... Qd6 17. bxa6 Bxa6 18. Bxa6 Rxa6 19. Nb5 Qd7 20. Qxc7 Qxc7 21.
Nxc7 Rxa4 22. Ra1 $16) 17. axb5 Qd6 18. Ra1 Rxa1 19. Rxa1 Ra8 20. Rxa8+ Bxa8
21. Qa4 Bb7 22. Ne1 $16 {Schwarz ist in eine strategisch schwere Lage gekommen.
Er hat kein Gegenspiel und muss seinen schwachen Bauern d5 verteidigen. Dabei
ist diese Verteidigung mehr oder weniger aussichtslos, denn Weiß hat
schlichtweg mehr Angreifer.} Kh7 (22... c5 23. bxc6 Bxc6 24. Qb3 Bb7 25. Bf3
$16) 23. Nd3 Nf5 (23... h5 $5) 24. Bg4 Bc8 25. Bf3 Be6 26. g3 Ne7 27. Qb3 (27.
Nb4 $1 $18) 27... c5 28. bxc6 Qxc6 29. Nf4 $18 {Der Bauer d5 fällt.} Qc4 30.
Qxc4 dxc4 31. Be2 g5 32. Nxe6 fxe6 33. Bxc4 e5 34. d5 Nc8 35. Ne4 Bf8 36. Ba6
Ne7 (36... Nd6 37. Nf6+ Kg6 38. Nd7 $18) 37. d6 Nc6 38. Kg2 Kg6 39. Kf3 {
Die Vorteilsumsetzung ist ziemlich leicht, da die schwarzen Königsflügelbauern
sehr schwach sind.} Nd8 (39... h5 40. h3 $18) 40. Bd3 Kf7 41. Kg4 Nb7 42. d7
Ke6 43. Ba6 Nd8 44. Bb5 Be7 45. Kh5 Kd5 46. f3 Ba3 47. h3 Bf8 48. Kg6 Ke6 49.
g4 Nb7 50. Nf6 Be7 51. Ne8 Kd5 52. Nc7+ Kd6 53. Kf7 Nd8+ 54. Ke8 Bf6 55. Na6
Ne6 56. Bc4 Nd8 57. e4 Nc6 58. Bf1 Be7 59. Bb5 Nd4 60. Nc7 Bf6 61. Nd5 Nxb5 62.
Nxf6 Nc7+ 63. Kd8 Nb5 64. Nd5 1-0

[Event "Mario Covas 1st"]
[Site "Santos"]
[Date "2001.01.31"]
[Round "3"]
[White "Izeta Txabarri, Felix"]
[Black "Pelikian, Jefferson"]
[Result "1-0"]
[WhiteElo "2448"]
[BlackElo "2387"]
[Annotator "Dautov,R"]
[PlyCount "193"]
[EventDate "2001.01.29"]
[EventType "tourn"]
[EventRounds "11"]
[EventCountry "BRA"]
[EventCategory "8"]
[SourceTitle "CBM 082"]
[Source "ChessBase"]
[SourceDate "2001.05.17"]
[SourceVersion "1"]
[SourceVersionDate "2001.05.17"]
[SourceQuality "1"]

1. d4 {Hecht} Nf6 2. Nf3 d5 3. c4 e6 4. Nc3 Be7 5. Bg5 h6 6. Bh4 O-O 7. e3 b6
8. Be2 Bb7 9. Bxf6 Bxf6 10. cxd5 exd5 11. b4 c6 12. O-O a5 13. bxa5 Rxa5 14.
Qb3 Nd7 {Die klassische Fortsetzung.} ({Eine sichere moderne Ausgleichsmethode
ist die Überführung des Läufers b7 auf e6:} 14... Bc8 $1 15. a4 (15. Na4 Ba6 $1
16. Bxa6 Nxa6 $11) (15. Rab1 Bf5 16. Rb2 Nd7 $11) 15... Be6 16. Rfd1 Nd7 17. h3
Qe7 18. Rab1 Rc8 19. Bd3 g6 $11 {Khalifman-Jussupow/Ter Apel 1997}) 15. a4 Re8
16. Rfe1 g6 (16... Ba6 17. Bxa6 Rxa6 18. Re2 Re6 19. Rc2 Be7 20. Rac1 $14) 17.
Rad1 $146 {Ein neuer Zug, Weiß plant e3-e4.} (17. e4 {wäre verfrüht wegen} c5
$1 18. Nxd5 cxd4 19. Bb5 Nc5 20. Nxf6+ Qxf6 21. Qb4 Rxe4 22. Rxe4 Bxe4 23. Nxd4
$11 {Karpov,A-Short,N/Monte Carlo 1993}) (17. Rab1 {führt zu den typischen
Stellungsbildern für diese Variante und ist wohl objektiv der beste Zug:} Bg7
18. Bf1 Ba6 19. Bxa6 Rxa6 20. Rec1 Bf8 21. Ne1 Bd6 22. Nd3 $14 {Epishin-Lutz/
Dortmund 1994. Weiß hat um eine Schwäche weniger (a4 gegen b6 und c6) und
steht deswegen leicht vorteilhafter.}) 17... Bg7 18. e4 Nf6 ({Das
Gleichgewicht ließ sich auch mittels} 18... dxe4 19. Bc4 Re7 20. Nxe4 Qc7 {
aufrechterhalten.}) 19. exd5 Nxd5 (19... cxd5 20. Ne5 $14) 20. Nxd5 Rxd5 $1 (
20... cxd5 21. Bb5 Rxe1+ 22. Rxe1 Qd6 23. Ne5 $14) 21. Bc4 Rxe1+ 22. Rxe1 Rf5
$11 23. a5 $5 {Ein verlockender Versuch, auf Gewinn zu spielen.} (23. Ne5 Bxe5
24. dxe5 Qd4 25. Qc2 Kg7 $11 {brachte Weiß nicht viel.}) 23... b5 24. Bd3 Rf4
25. Qb4 $5 (25. Bxg6 $2 Rxf3 $1 26. gxf3 Qg5+ 27. Kh1 Qxg6 $15) 25... Bxd4 26.
Qe7 Qxe7 27. Rxe7 Ba6 28. Kf1 c5 29. Ra7 Rf6 30. Nxd4 cxd4 31. Ke2 Kg7 $11 {
Das entstandene Endspiel ist remislich, aber es wird noch einiges geschehen...}
32. f3 Rc6 (32... Rd6 33. Kd2 Kf6 $11) 33. Kd2 Kf6 34. Rd7 $5 Ke5 $1 (34... b4
$2 35. Be4 Re6 36. Rxd4 $16) 35. Rxf7 b4 36. f4+ Kd5 37. Rd7+ Kc5 38. Re7 Bxd3
39. Kxd3 b3 40. Rb7 Ra6 41. Rxb3 Rxa5 {Hecht: '[#] schwarzer d-Freibauer bei
3-2 Bauern am Königsflügel und weißem Blockadekönig.'} 42. Ke4 $6 Ra2 43. Rg3
Ra6 44. Rh3 Re6+ $2 {'?!' Hecht.} ({Nach} 44... h5 $1 45. f5 gxf5+ 46. Kxf5 Kc4
$17 {müßte sich Weiß um die Rettung bemühen.}) (44... Kc4 $1 {Hecht} 45. Rxh6
Re6+ 46. Kf3 d3 47. Rh7 d2 48. Rd7 Kc3 49. Rc7+ Kd3 50. Rd7+ Kc2 51. Rc7+ Kd1
52. Rd7 Ke1 53. g4 d1=Q+ 54. Rxd1+ Kxd1 55. f5 $11) (44... h5 $5 {Hecht: ist
eine sehr beachtliche Alternative.}) 45. Kd3 Ra6 $2 {Ein Fehler kommt selten
alleine.} (45... h5 {hätte problemlos das Remis gehalten:} 46. f5 gxf5 47. Rxh5
Re5 48. g4 Kd5 49. gxf5 Re3+ 50. Kd2 Ke4 $11) 46. Rxh6 $16 Ra3+ 47. Ke2 Kd5 48.
Rxg6 Ke4 49. Re6+ Kxf4 50. Kf2 d3 51. g3+ Kf5 52. Rh6 d2 53. Ke2 Rd3 54. Kd1
$18 Ke4 55. Re6+ Kf3 56. Re2 Ra3 57. Rxd2 {Hecht: '[#] Zwei verbundene weiße
Freibauern bei aktivem schwarzen König. Die Aufgabe von Weiß besteht darin,
den auf der dritten Reihe aktiv stehenden schwarzen König zu vertreiben.'} Ke3
58. Rc2 Ra1+ 59. Rc1 Ra2 (59... Ra3 $142 {Hecht} 60. Ke1 Kf3 61. Kf1 Ra4 {
was Tc3+ nebst Tc4+ gefolgt von Tf4 bzw. Th4 verhindert und selbst die
Blockade Kf3-g4-h3 plant.}) 60. Rc3+ Ke4 61. Rc2 {Hecht: 'Nach der Sicherung
der 2. Reihe kann Ke2 folgen, wonach der Rest "Sache der Technik" ist.'} Ra3
62. Ke2 Kf5 63. Kf2 Kg4 64. Kg2 Ra4 65. h3+ Kf5 66. Rc5+ Kg6 67. h4 Rb4 68. Kh3
Rb3 69. h5+ Kh6 70. Kh4 Rb4+ 71. g4 Rb7 72. Rf5 Rb4 73. Rf6+ Kg7 74. Rd6 Kh7
75. Rd7+ Kh6 76. Rd6+ {Hecht: 'Wer hier meint einen reinen Wartezug einstreuen
zu müssen (bei der Methode Bonus-Sekunden pro Zug zu vergeben, was in dieser
Partie nicht der Fall ist, eine durchaus naheliegende Idee), liegt voll
daneben und schaufelt sich ein Pattgrab.'} (76. Ra7 $4 {Hecht} Rxg4+) 76... Kh7
77. h6 Kh8 78. Kh5 Kh7 79. Rd7+ Kg8 80. g5 Rb5 81. Rg7+ Kh8 82. Rf7 Kg8 83. Rf6
Kh7 84. Kg4 Rb4+ 85. Rf4 Rb7 86. Kh5 Rb5 87. Re4 Ra5 88. Re7+ Kg8 89. Kg4 Ra4+
90. Kf5 Ra5+ 91. Kf6 Ra8 92. g6 Ra6+ 93. Re6 Ra8 94. Rd6 Re8 95. Rd7 Kh8 96.
Kf7 Rf8+ 97. Ke7 1-0